Scientific Reviews (Запис № 579937)

МАРК-запис
000 -LEADER
fixed length control field 01307nas a22003495i 4500
001 - CONTROL NUMBER
control field 3120-4953
003 - CONTROL NUMBER IDENTIFIER
control field DE-He213
005 - DATE AND TIME OF LATEST TRANSACTION
control field 20260304140623.0
007 - PHYSICAL DESCRIPTION FIXED FIELD--GENERAL INFORMATION
fixed length control field cr nn 008mamaa
008 - FIXED-LENGTH DATA ELEMENTS--GENERAL INFORMATION
fixed length control field 260123s||||||||xxkuu poo|||||| b|EN |d
022 ## - INTERNATIONAL STANDARD SERIAL NUMBER
International Standard Serial Number 3120-4953
024 7# - OTHER STANDARD IDENTIFIER
Standard number or code 44573
Source of number or code local
210 10 - ABBREVIATED TITLE
Abbreviated title Sci. Rev.
245 10 - TITLE STATEMENT
Title Scientific Reviews
Medium [electronic resource] /
Statement of responsibility, etc edited by Richard White.
264 #1 -
-- London :
-- Nature Publishing Group UK :
-- Imprint: Nature Portfolio.
300 ## - PHYSICAL DESCRIPTION
Other physical details online resource.
520 ## - SUMMARY, ETC.
Summary, etc Scientific Reviews is a broad scope, multi-disciplinary, open access journal publishing narrative reviews from all areas of the natural sciences, psychology, medicine and engineering.
650 #0 - SUBJECT ADDED ENTRY--TOPICAL TERM
Topical term or geographic name as entry element Science.
9 (RLIN) 6407
650 #0 - SUBJECT ADDED ENTRY--TOPICAL TERM
Topical term or geographic name as entry element Engineering.
9 (RLIN) 159
650 #0 - SUBJECT ADDED ENTRY--TOPICAL TERM
Topical term or geographic name as entry element Life sciences.
650 #0 - SUBJECT ADDED ENTRY--TOPICAL TERM
Topical term or geographic name as entry element Psychology.
650 #0 - SUBJECT ADDED ENTRY--TOPICAL TERM
Topical term or geographic name as entry element Computer science.
650 14 - SUBJECT ADDED ENTRY--TOPICAL TERM
Topical term or geographic name as entry element Physical Sciences.
9 (RLIN) 6410
650 24 - SUBJECT ADDED ENTRY--TOPICAL TERM
Topical term or geographic name as entry element Technology and Engineering.
9 (RLIN) 163
650 24 - SUBJECT ADDED ENTRY--TOPICAL TERM
Topical term or geographic name as entry element Life Sciences.
650 24 - SUBJECT ADDED ENTRY--TOPICAL TERM
Topical term or geographic name as entry element Behavioral Sciences and Psychology.
9 (RLIN) 517
650 24 - SUBJECT ADDED ENTRY--TOPICAL TERM
Topical term or geographic name as entry element Computer Science.
700 1# - ADDED ENTRY--PERSONAL NAME
Personal name White, Richard.
Relator term editor.
Relator code edt
-- http://id.loc.gov/vocabulary/relators/edt
9 (RLIN) 24069
710 2# - ADDED ENTRY--CORPORATE NAME
Corporate name or jurisdiction name as entry element SpringerLink (Online service)
856 40 - ELECTRONIC LOCATION AND ACCESS
Uniform Resource Identifier <a href="https://www.nature.com/scirev">https://www.nature.com/scirev</a>
Public note Open Access

Немає доступних примірників.